000
00295nam a22001337a 4500
008
181101b xxu||||| |||| 00| 0 eng d
020
_a
9780195007596
041
_a
eng
080
_a
820
100
_a
21
101
_a
GJL
245
_a
American Renaissance
_c
Mathiessen,F.O
942
_2
udc
_c
BK
999
_c
51443
_d
51443